000 00524nam a2200181Ia 4500
005 20250508162539.0
008 008 250505s9999 xx 000 0 eng d
037 _aTextual
040 _aFEDL
_beng
_cFEDL
041 _aeng
_2eng
084 _a891.209, GHO
_qFEDL
100 _aGhosha Ramachandra
245 0 _aBrief survey of ancient sanskrit literature
260 _aNew Delhi, India
_bClassical Publications
_c1985
300 _avi,112p.
942 _cTEXL
_h891.209, GHO
999 _c1377234
_d1377234